| 000 | 00783cam a2200217 4500 | ||
|---|---|---|---|
| 001 | 000006314 | ||
| 005 | 20200929153921.0 | ||
| 008 | 760824s1968 pn c b f001 0 spa | ||
| 010 | _a71415616 | ||
| 025 | _aLACAP69-1587 | ||
| 040 |
_aDO-SdBNP _cCtY _dDLC |
||
| 050 | 0 | 0 |
_aF1565.2.C8 _bR38 |
| 100 | 2 |
_aReverte Coma, Jose Manuel, _d1922- _917615 |
|
| 245 | 1 | 0 |
_aLiteratura oral de los indios cunas; : _bensayo literario sobre una cultura aborigen panamena / _c[por] Jose M. Reverte. |
| 260 |
_aPanama : _b[Ediciones del Ministerio de Educacion, Direccion Nacional de Cultura], _c1968. |
||
| 300 |
_a283 p. : _bport. ; _c23 cm. |
||
| 504 | _aBibliographical footnotes. | ||
| 650 | 0 |
_aCuna indians. _917616 |
|
| 650 | 0 |
_aFolk, literature. _917617 |
|
| 910 | _aCatalogación por copia / LC | ||
| 999 |
_c6109 _d6109 |
||